|
|
|
|
| LEADER |
00000cam a2200000 7i4500 |
| 001 |
0000008077 |
| 002 |
000008814 |
| 005 |
20000330.0 |
| 020 |
|
|
|a 9830550842
|
| 090 |
0 |
0 |
|a JF
|b RUB
|
| 100 |
0 |
|
|a Rubil Nur Afzan
|
| 245 |
1 |
0 |
|a Jojo anak gajah
|c Rubil Nur Afzan
|
| 260 |
|
|
|a Petaling Jaya :
|b Penerbit Pinang ,
|c 1996
|
| 300 |
|
|
|a 11p. :
|b ill. ;
|c 21cm.
|
| 490 |
0 |
|
|a Siri khazanah bacaan kanak-kanak
|
| 650 |
0 |
0 |
|a Children's stories, Malay
|
| 999 |
|
|
|a 046000
|b BUKU
|c PINJAMAN
|e PERPUSTAKAAN KOMUNITI CAW KOTA DAMANSARA
|
| 999 |
|
|
|a 046001
|b BUKU
|c PINJAMAN
|e PERPUSTAKAAN KOMUNITI CAW KOTA DAMANSARA
|
| 999 |
|
|
|a 050069
|b BUKU
|c PINJAMAN
|e PERPUSTAKAAN KOMUNITI PETALING JAYA
|
| 999 |
|
|
|a 050071
|b BUKU
|c PINJAMAN
|e PERPUSTAKAAN KOMUNITI PETALING JAYA
|